000
00285nam a2200109Ia 4500
008
190919s9999||||xx |||||||||||||| ||und||
100
_a
Wayne Tomasi
245
0
_a
Introduction to Data Communications and Networking
260
_a
New Jersey
_b
Willey
_c
2000
300
_a
278
942
_c
BK
999
_c
11326
_d
11326